Agroturismo: una opción innovadora para el sector rural
Shranjeno v:
| Corporate Authors: | , |
|---|---|
| Format: | Knjiga |
| Jezik: | španščina |
| Izdano: |
Santiago
Fundación para la Innovación Agraria
1999
|
| Serija: | Manuales para la Innovación
|
| Teme: | |
| Oznake: |
Označite
Brez oznak, prvi označite!
|
MARC
| LEADER | 00000nam a2200000 a 4500 | ||
|---|---|---|---|
| 001 | UCN8818 | ||
| 003 | CL-VaPUC | ||
| 008 | 011123e19990300CL |||||||||||||||||spa|d | ||
| 020 | |a 9567874004 | ||
| 082 | 0 | 4 | |a 338.4791 |b FUN |2 21 |
| 110 | 2 | |a Fundación para la Innovación Agraria |e author |9 465353 | |
| 710 | 2 | |a FIA |e author |9 465354 | |
| 245 | 1 | 0 | |a Agroturismo: una opción innovadora para el sector rural |
| 300 | |a 107 p | ||
| 942 | |c BK | ||
| 945 | |d 20011123 00:00:00 |a vberengu | ||
| 260 | |a Santiago |b Fundación para la Innovación Agraria |c 1999 | ||
| 650 | 0 | |a Turismo |9 308920 | |
| 650 | 0 | |a Turismo rural |9 465355 | |
| 650 | 7 | |a DESARROLLO RURAL |2 CL-VaPUC |9 465356 | |
| 650 | 0 | |a Agricultura |9 255598 | |
| 651 | 7 | |a CHILE |2 CL-VaPUC |9 465357 | |
| 583 | |a last modification |c 20011123 00:00:00 |k Rodrigo Vera | ||
| 490 | 0 | |a Manuales para la Innovación | |
| 999 | |c 298566 |d 298564 | ||
| 952 | |0 0 |1 0 |4 0 |6 338_479100000000000_FUN_1999 |7 0 |8 A |9 354241 |a BIBAGR |b BIBAGR |d 2019-11-21 |i 376463K |o 338.4791 FUN 1999 |p 376463K |r 2025-01-20 |w 2019-11-21 |y BK |k AGR | ||
| 952 | |0 0 |1 0 |4 0 |6 338_479100000000000_FUN_1999 |7 0 |8 A |9 354242 |a BIBAGR |b BIBAGR |d 2019-11-21 |i 3764648 |o 338.4791 FUN 1999 |p 3764648 |r 2025-01-20 |w 2019-11-21 |y BK |k AGR | ||
| 952 | |0 0 |1 0 |4 0 |6 338_479100000000000_FUN_1999 |7 0 |8 A |9 354243 |a BIBAGR |b BIBAGR |d 2019-11-21 |i 3764656 |o 338.4791 FUN 1999 |p 3764656 |r 2025-01-20 |w 2019-11-21 |y BK |k AGR | ||
| 952 | |0 0 |1 0 |4 0 |6 338_479100000000000_FUN_1999 |7 0 |8 A |9 354244 |a BIBAGR |b BIBAGR |d 2019-11-21 |i 4635868 |o 338.4791 FUN 1999 |p 4635868 |r 2025-01-20 |w 2019-11-21 |y BK |k AGR | ||